Organizational structures /

Saved in:
Bibliographic Details
Main Author: Mackenzie, Kenneth D.
Format: Book
Language:English
Published: Arlington Heights, Ill. : AHM Pub. Corp., c1978.
Series:Organizational behavior series
Subjects:
LEADER 00954nam a2200265 i 4500
001 c000332999
003 CARM
005 00000000000000.0
008 781214s1978 ilua b 00110 eng
019 1 |a 1336830  |5 LACONCORD2021 
020 |a 0882954520 
035 |a (OCoLC)4046889  |5 LACONCORD2021 
050 0 0 |a HD31  |b .M24 
100 1 |a Mackenzie, Kenneth D. 
245 1 0 |a Organizational structures /  |c Kenneth D. Mackenzie. 
260 |a Arlington Heights, Ill. :  |b AHM Pub. Corp.,  |c c1978. 
300 |a xvii, 329 p. :  |b ill. ;  |c 23 cm. 
490 0 |a Organizational behavior series 
504 |a Includes bibliographies and indexes. 
650 0 |a Organization. 
650 0 |a Organizational change. 
852 8 |b CARM  |h A1:AN17B0  |i B08629  |p 0412805  |f BK 
082 0 4 |a 658.4 
999 f f |i cbc0dfb0-eefe-5280-aef4-325ff794b1ed  |s 7306223a-ff11-5fd8-acb3-abb7cf45f36e 
952 f f |p Can circulate  |a CAVAL  |b CAVAL  |c CAVAL  |d CARM 1 Store  |e B08629  |f A1:AN17B0  |h Other scheme  |i book  |m 0412805